CURRENT GLOBAL RECESSION A THEORETICAL A (Record no. 29229)
[ view plain ]
| 000 -LEADER | |
|---|---|
| fixed length control field | 00352nam a2200133Ia 4500 |
| 008 - FIXED-LENGTH DATA ELEMENTS--GENERAL INFORMATION | |
| fixed length control field | 240624s9999 xx 000 0 und d |
| 041 ## - LANGUAGE CODE | |
| Language code of text/sound track or separate title | eng |
| 082 ## - DEWEY DECIMAL CLASSIFICATION NUMBER | |
| Classification number | 330.973 PRA |
| 100 ## - MAIN ENTRY--PERSONAL NAME | |
| Personal name | PRABHAKAR A C |
| 245 ## - TITLE STATEMENT | |
| Title | CURRENT GLOBAL RECESSION A THEORETICAL A |
| 260 ## - PUBLICATION, DISTRIBUTION, ETC. | |
| Date of publication, distribution, etc. | 2017 |
| Place of publication, distribution, etc. | United Kingdom |
| Name of publisher, distributor, etc. | Emerald |
| 300 ## - PHYSICAL DESCRIPTION | |
| Extent | xxiii, 430 p.; 24 cm. |
| 365 ## - TRADE PRICE | |
| Currency code | BPS |
| Price amount | 38 |
| Withdrawn status | Lost status | Damaged status | Not for loan | Home library | Current library | Shelving location | Date acquired | Cost, normal purchase price | Full call number | Barcode | Date last seen | Copy number | Price effective from | Koha item type |
|---|---|---|---|---|---|---|---|---|---|---|---|---|---|---|
| IMTN | IMTN | Rack 8-A | 09/11/2017 | 63.00 | 330.973 PRA | 29229 | 06/24/2024 | 86.9 | 06/24/2024 | Books |